Zen Keys (Record no. 9737)

MARC details
000 -LEADER
fixed length control field 00602nam a2200241 a 4500
020 ## - INTERNATIONAL STANDARD BOOK NUMBER
ISBN 0722593
082 00 - DEWEY DECIMAL CLASSIFICATION NUMBER
Classification number 294.3
Author Cutter HAN
100 ## - MAIN ENTRY--AUTHOR NAME
Author name Hanh, Thich Nhat
245 ## - TITLE STATEMENT
Title Zen Keys
Sub title a Guide to Zen Practice
260 ## - PUBLICATION, DISTRIBUTION, ETC. (IMPRINT)
Place of publication London
Name of publisher Harper Collins
Year of publication 1995
300 ## - PHYSICAL DESCRIPTION
Number of Pages 193p
500 ## - GENERAL NOTE
General note includes index and biblioraphy
505 2# - FORMATTED CONTENTS NOTE
Formatted contents note Bibliography, Index
650 ## - SUBJECT ADDED ENTRY--TOPICAL TERM
Topical Term Buddhism-Zen
942 ## - ADDED ENTRY ELEMENTS (KOHA)
Koha item type Books
700 1# -
-- Hanh, Thich Nhat
Holdings
Collection code Home library Current library Date acquired Cost, normal purchase price Full call number Accession Number Koha item type
  Henry Martyn Institute Library Henry Martyn Institute Library 07/20/2007 325.00 294.3 HAN 017422 Books
                   Copyright © 2026 | Henry Martyn Institute | Hyderabad | TS-500052 | INDIA | Implemented by hmi.edu.in
Hit-Count:

Powered by Koha